Statistiques concernant Comptez aussi haut que possible en binaire - une minute sprint

Cliquez ici pour prendre le quiz!

Statistiques générales

  • Ce quiz a été pris 304 fois
  • Le résultat moyen est 20 sur 70

Statistiques - réponses

#% Correct
1
100%
10
92%
11
84%
100
77%
101
77%
110
75%
111
74%
1000
73%
1001
73%
1010
71%
1011
69%
1100
65%
1101
65%
1110
65%
10000
64%
1111
64%
10001
61%
10010
59%
10011
56%
10100
53%
10101
48%
10110
43%
10111
42%
11000
39%
11001
35%
11010
34%
11011
32%
11100
28%
11101
28%
11110
25%
11111
22%
100000
20%
100001
17%
100010
14%
100011
13%
100100
11%
100101
10%
100110
7%
100111
7%
101000
4%
101001
4%
101010
4%
101011
4%
101100
4%
101101
4%
101110
4%
101111
4%
110000
4%
110001
3%
110010
3%
110011
3%
110100
3%
110101
3%
110110
3%
110111
3%
111000
2%
111001
2%
111010
2%
111011
2%
111100
2%
111101
2%
111110
2%
111111
2%
1000000
1%
1000001
1%
1000010
1%
1000011
1%
1000100
1%
1000101
1%
1000110
1%

Distribution des résultats

Percentile par nombre de réponses

% des personnes avec chaque résultat

Votre développement - résultats

Vous n’avez pas pris ce quiz